01846nam a2200421Ia 4500001001200000003000800012006001900020007001500039008004100054020001800095020001500113020001800128020001500146020001800161040002100179035002100200050002500221082002100246245018100267246005800448260012300506300002500629490004900654533015200703650004600855650005600901650005800957650003101015655002901046700002401075700001901099700002601118710001701144710007001161830005001231856012601281999001701407ebr10558999CaPaEBRm u cr cn|||||||||120328s2009 quca s 000 0 eng d z9780773535329 z0773535322 z9780773535336 z0773535330 z9780773576353 aCaPaEBRcCaPaEBR a(OCoLC)70857964614aGE190.C3bI55 2009eb04a352.7/45097122200aInnovation, science, environment, special editionh[electronic resource] :bcharting sustainable development in Canada, 1987-2007 /cedited by Glen Toner and James Meadowcroft.30aCharting sustainable development in Canada, 1987-2007 aMontreal :bPublished for The School of Public Policy, Carleton University by McGill-Queen's University Press,cc2009. aviii, 255 p. :bill.1 aInnovation, science, environment series ;v4 aElectronic reproduction.bPalo Alto, Calif. :cebrary,d2013.nAvailable via World Wide Web.nAccess may be limited to ebrary affiliated libraries. 0aEnvironmental policyzCanadaxEvaluation. 0aSustainable developmentxGovernment policyzCanada. 0aTechnological innovationsxGovernment policyzCanada. 0aScience and statezCanada. 7aElectronic books.2local1 aMeadowcroft, James.1 aToner, Glen B.1 aMeadowcroft, James R.2 aebrary, Inc.2 aCarleton University.bSchool of Public Policy and Administration. 0aInnovation, science, environment series ;v4.40uhttp://site.ebrary.com/lib/rucke/Doc?id=10558999zAn electronic book accessible through the World Wide Web; click to view c89305d89305